| 000 | 00330nam a2200097Ia 4500 | ||
|---|---|---|---|
| 082 | _aJ 839.361 SCHM | ||
| 245 | 0 | _aDie spree met foete : Afrikaanse verwerkings van Annie M G Schmidt-verse | |
| 100 |
_a SCHMIDT, Annie M G. Kaapstad, 2003 2de uitg _998594 |
||
| 942 | _cBK | ||
| 008 | 210817s9999 xx 000 0 und d | ||
| 999 |
_c418672 _d418671 |
||